Flags of Countries that Bordered Austria-Hungary [1914] - Statistics

General Stats
  • This quiz has been taken 115 times
  • The average score is 7 of 7
Answer Stats
Picture Answer % Correct
Switzerland
100%
Italy
99%
Romania
99%
Serbia
99%
Germany
98%
Russia
97%
Montenegro
84%
No matching quizzes found
Score Distribution
Percent of People with Each Score
Percentile by Number Answered
Your Score History
You have not taken this quiz